MARC
| LEADER | 00000 a a2200000 04500 | ||
|---|---|---|---|
| 001 | 32786 | ||
| 003 | |||
| 040 | |||
| 090 | |a 204100 | ||
| 100 | |a Quirós R, Edda | ||
| 245 | |a Liderazgo y protagonismo juvenil | ||
| 260 | |a San José: |b ALA | ||
| 300 | |a 25 p. | ||
| 650 | |a MUJERES | ||
| 650 | |a JUVENTUD | ||
| 650 | |a CONDICIONES SOCIALES | ||
| 650 | |a PROGRAMAS | ||
| 650 | |a COSTA RICA | ||
| 999 | |c 16532 |d 16532 | ||
